[Event "ROM-ch U08"]
[White "Tilea, Luca Andrei"]
[Black "Craciun, Denis Gabriel"]
[Site "Calimanesti"]
[Round "1"]
[Result "0-1"]
[Date "2014.04.06"]
[WhiteElo "1001"]
[BlackElo "1075"]
[PlyCount "86"]
[EventDate "2014.04.06"]
[EventType "swiss"]
[EventRounds "9"]
[EventCountry "ROU"]
[SourceTitle "CBM 160 Extra"]
[Source "ChessBase"]
[SourceDate "2014.07.01"]
[SourceVersion "1"]
[SourceVersionDate "2014.07.01"]
[SourceQuality "1"]

1. e4 e5 2. Nf3 Nc6 3. Bc4 Bc5 4. 0-0 Nf6 5. Ng5 0-0 6. d3 d6 7. Nc3 h6 8. Nf3 Bg4 9. h3 Bh5 10. Be3 Bd4 11. Qe2 Bxe3 12. Qxe3 Nb4 13. Qe2 Nh7 14. a3 Nc6 15. b4 Nd4 16. Nxd4 Bxe2 17. Ndxe2 a6 18. Rfd1 Qg5 19. Nd5 Rac8 20. b5 axb5 21. Bxb5 c6 22. Nb6 cxb5 23. Nxc8 Rxc8 24. a4 Rxc2 25. Ng3 Qf4 26. Rf1 bxa4 27. Rxa4 Nf6 28. Nf5 Rc1 29. Ne7+ Kh7 30. Ra1 Rxa1 31. Rxa1 Qd2 32. Ra7 Qxd3 33. Rxb7 Qxe4 34. Rb8 Qe1+ 35. Kh2 Qxf2 36. Rb3 Qf4+ 37. Kg1 Ne4 38. Rf3 Qc1+ 39. Kh2 Nf6 40. Rd3 d5 41. Nxd5 Nxd5 42. Rxd5 e4 43. Re5 Qc7 0-1